[Event "Skara Vastgota op"]
[Site "Skara"]
[Date "2023.02.18"]
[Round "3"]
[White "Trost, Martin"]
[Black "Trost, Edvin"]
[Result "0-1"]
[WhiteElo "1845"]
[BlackElo "2364"]
[PlyCount "66"]
[EventDate "2023.02.18"]
[EventType "swiss"]
[EventRounds "9"]
[EventCountry "SWE"]
[SourceTitle "CBM 212 Extra"]
[Source "ChessBase"]
[SourceDate "2023.03.31"]
[SourceVersion "1"]
[SourceVersionDate "2023.03.31"]
[SourceQuality "1"]

1. Nf3 Nf6 2. e3 g6 3. c4 Bg7 4. Nc3 0-0 5. b3 d6 6. Bb2 e5 7. Be2 Re8 8. d4 e4 9. Nd2 c5 10. d5 h5 11. Qc2 Bf5 12. 0-0-0 Na6 13. a3 Nc7 14. Nf1 h4 15. h3 g5 16. g3 Kh7 17. f4 Bh6 18. g4 gxf4 19. gxf5 f3 20. Nxe4 Nxe4 21. Bxf3 Ng3 22. f6+ Kh8 23. Nxg3 Rxe3 24. Nf5 Rc3+ 25. Nxh6 Rxc2+ 26. Kxc2 Qf8 27. Nf5 Qg8 28. Rhg1 Qh7 29. Be4 Re8 30. Bd3 Re2+ 31. Bxe2 Qxf5+ 32. Bd3 Qf2+ 33. Kc1 b5 0-1

[Event "Platja d'Aro op-B 7th"]
[Site "Platja d'Aro"]
[Date "2019.06.28"]
[Round "5"]
[White "Trost, Martin"]
[Black "Carbonell Bofill, Carlos Eloy"]
[Result "1-0"]
[WhiteElo "1833"]
[BlackElo "2083"]
[PlyCount "47"]
[EventDate "2019.06.24"]
[EventType "swiss"]
[EventRounds "9"]
[EventCountry "ESP"]
[SourceTitle "CBM 191 Extra"]
[Source "ChessBase"]
[SourceDate "2019.09.30"]
[SourceVersion "1"]
[SourceVersionDate "2019.09.30"]
[SourceQuality "1"]

1. e4 e6 2. d4 d5 3. Nc3 Nf6 4. Bg5 Bb4 5. e5 h6 6. Bd2 Bxc3 7. bxc3 Ne4 8. Qg4 g6 9. Bd3 Nxd2 10. Kxd2 c5 11. h4 h5 12. Qf4 Qa5 13. Nf3 cxd4 14. Nxd4 a6 15. Rh3 Nd7 16. Rf3 Rh7 17. Nxe6 d4 18. Ng5 Qxc3+ 19. Ke2 Qxa1 20. Nxh7 Kd8 21. Qxf7 Nxe5 22. Qd5+ Nd7 23. Qd6 Ke8 24. Bxg6+ 1-0

[Event "Pardubice op rapid 29th"]
[Site "Pardubice"]
[Date "2018.07.19"]
[Round "6"]
[White "Tomek, Karel"]
[Black "Trost, Martin"]
[Result "0-1"]
[WhiteElo "1785"]
[BlackElo "1838"]
[PlyCount "47"]
[EventDate "2018.07.18"]
[EventType "swiss (rapid)"]
[EventRounds "9"]
[EventCountry "CZE"]
[SourceTitle "CBM 185 Extra"]
[Source "ChessBase"]
[SourceDate "2018.07.29"]
[SourceVersion "1"]
[SourceVersionDate "2018.07.29"]
[SourceQuality "1"]

1. d4 d5 2. Nf3 Nf6 3. e3 e6 4. Bd3 g6 5. 0-0 Bg7 6. b3 0-0 7. Bb2 b6 8. Nbd2 Bb7 9. Ne5 Nbd7 10. Ndf3 Ne4 11. Nxd7 Qxd7 12. Qe2 Rac8 13. c4 Rfd8 14. Rad1 Qe7 15. Nd2 c5 16. Nf3 Rc7 17. cxd5 Bxd5 18. Rc1 Rcc8 19. Bxe4 Bxe4 20. Ba3 Qb7 21. Rcd1 Bxf3 22. gxf3 cxd4 23. exd4 Bxd4 24. Bc1 0-1

[Event "Pardubice op rapid 29th"]
[Site "Pardubice"]
[Date "2018.07.19"]
[Round "9"]
[White "Trost, Martin"]
[Black "Zdechovsky, Tobias"]
[Result "1-0"]
[WhiteElo "1838"]
[BlackElo "1675"]
[PlyCount "27"]
[EventDate "2018.07.18"]
[EventType "swiss (rapid)"]
[EventRounds "9"]
[EventCountry "CZE"]
[SourceTitle "CBM 185 Extra"]
[Source "ChessBase"]
[SourceDate "2018.07.29"]
[SourceVersion "1"]
[SourceVersionDate "2018.07.29"]
[SourceQuality "1"]

1. e4 c5 2. Nc3 Nc6 3. f4 e6 4. Nf3 d5 5. Bb5 g6 6. Bxc6+ bxc6 7. d3 Bg7 8. 0-0 Ne7 9. Qe1 0-0 10. Qh4 f5 11. e5 Ba6 12. Ng5 h6 13. Nxe6 Qd7 14. Nxc5 1-0

[Event "Pardubice op rapid 29th"]
[Site "Pardubice"]
[Date "2018.07.18"]
[Round "2"]
[White "Trost, Martin"]
[Black "Pein, Jonathan"]
[Result "0-1"]
[WhiteElo "1838"]
[BlackElo "2106"]
[PlyCount "36"]
[EventDate "2018.07.18"]
[EventType "swiss (rapid)"]
[EventRounds "9"]
[EventCountry "CZE"]
[SourceTitle "CBM 185 Extra"]
[Source "ChessBase"]
[SourceDate "2018.07.29"]
[SourceVersion "1"]
[SourceVersionDate "2018.07.29"]
[SourceQuality "1"]

1. e4 Nc6 2. d4 e5 3. d5 Nce7 4. c4 Ng6 5. g3 Bc5 6. Be3 Bxe3 7. fxe3 Nf6 8. Nc3 Qe7 9. Bg2 Qb4 10. Qe2 0-0 11. Nf3 Nxe4 12. 0-0 Nxc3 13. bxc3 Qxc3 14. e4 d6 15. Rfc1 Qa3 16. c5 dxc5 17. Nd2 b6 18. h4 Qxg3 0-1

[Event "Helsingor Xtracon op"]
[Site "Helsingor"]
[Date "2017.07.30"]
[Round "10"]
[White "Karlsson, Ulf"]
[Black "Trost, Martin"]
[Result "0-1"]
[WhiteElo "2036"]
[BlackElo "1844"]
[PlyCount "174"]
[EventDate "2017.07.22"]
[EventType "swiss"]
[EventRounds "10"]
[EventCountry "DEN"]
[SourceTitle "CBM 179 Extra"]
[Source "ChessBase"]
[SourceDate "2017.08.23"]
[SourceVersion "1"]
[SourceVersionDate "2017.08.23"]
[SourceQuality "1"]

1. Nf3 Nf6 2. g3 e6 3. Bg2 d5 4. d3 Be7 5. 0-0 0-0 6. Nbd2 c5 7. e4 Nc6 8. Re1 b5 9. e5 Nd7 10. Nf1 Bb7 11. c3 Nb6 12. d4 b4 13. cxb4 cxb4 14. b3 a5 15. h4 a4 16. Bd2 Qd7 17. Ne3 axb3 18. axb3 Ra3 19. Nc2 Rxb3 20. Rb1 Rxb1 21. Qxb1 Nc4 22. Bxb4 Nxb4 23. Nxb4 Qa4 24. Nd3 Qa7 25. Qb3 h6 26. Rb1 Ba6 27. Ra1 Qb7 28. Qa2 Bb5 29. Bf1 Bc6 30. Rb1 Qa8 31. Qb3 g5 32. hxg5 hxg5 33. Qd1 Rb8 34. Ra1 Qb7 35. Nxg5 Bxg5 36. Qg4 Qe7 37. f4 Ne3 38. Qxg5+ Qxg5 39. fxg5 Nf5 40. Kf2 Nxd4 41. Rc1 Bb5 42. g4 Bc4 43. Nc5 Bxf1 44. Rxf1 Nc6 45. Nd7 Rb7 46. Rc1 Rxd7 47. Rxc6 Kg7 48. Rc3 Kg6 49. Kg3 Kxg5 50. Rc8 Rb7 51. Rg8+ Kh6 52. Rh8+ Kg7 53. Rh2 Rb3+ 54. Kf4 Rb4+ 55. Kf3 Re4 56. Rh5 Kg6 57. Kg3 f6 58. exf6 Kxf6 59. Kf3 Kg6 60. Rh8 Ra4 61. Rd8 Kf6 62. Rd7 Ke5 63. Rg7 Ra3+ 64. Ke2 Ke4 65. g5 Rg3 66. Kf2 Rg4 67. g6 Kf5 68. Kf3 Rxg6 69. Ra7 e5 70. Ra5 e4+ 71. Ke3 Ke5 72. Ke2 Rg3 73. Kd2 Rd3+ 74. Ke2 Kd4 75. Ra4+ Kc5 76. Ra5+ Kb4 77. Ra8 Ra3 78. Rc8 Rc3 79. Ra8 Kb3 80. Ra7 Rh3 81. Rc7 d4 82. Rb7+ Kc2 83. Rc7+ Rc3 84. Ra7 d3+ 85. Kf2 d2 86. Ra2+ Kd3 87. Ra1 e3+ 0-1

[Event "Helsingor Xtracon op"]
[Site "Helsingor"]
[Date "2017.07.28"]
[Round "8"]
[White "Matsumura, Cocoro"]
[Black "Trost, Martin"]
[Result "1/2-1/2"]
[WhiteElo "1621"]
[BlackElo "1844"]
[PlyCount "57"]
[EventDate "2017.07.22"]
[EventType "swiss"]
[EventRounds "10"]
[EventCountry "DEN"]
[SourceTitle "CBM 179 Extra"]
[Source "ChessBase"]
[SourceDate "2017.08.23"]
[SourceVersion "1"]
[SourceVersionDate "2017.08.23"]
[SourceQuality "1"]

1. e4 b6 2. d4 Bb7 3. Nc3 e6 4. Bd3 Bb4 5. Nge2 d5 6. e5 Nd7 7. Bf4 c6 8. 0-0 Qc7 9. a3 Be7 10. Re1 h5 11. Qd2 Nh6 12. h3 Nf8 13. Rad1 Nf5 14. Bxf5 exf5 15. e6 Bd6 16. Bxd6 Qxd6 17. exf7+ Kxf7 18. Qf4 Qxf4 19. Nxf4 Nd7 20. h4 Nf6 21. Re5 g6 22. f3 Nd7 23. Re2 Rhe8 24. Rde1 Rxe2 25. Rxe2 Nf8 26. Kf2 Re8 27. Rxe8 Kxe8 28. Nd3 Nd7 29. Ke3 1/2-1/2

[Event "Helsingor Xtracon op"]
[Site "Helsingor"]
[Date "2017.07.22"]
[Round "1"]
[White "Trost, Martin"]
[Black "Holm, Kristian Stuvik"]
[Result "0-1"]
[WhiteElo "1844"]
[BlackElo "2403"]
[PlyCount "64"]
[EventDate "2017.07.22"]
[EventType "swiss"]
[EventRounds "10"]
[EventCountry "DEN"]
[SourceTitle "CBM 179 Extra"]
[Source "ChessBase"]
[SourceDate "2017.08.23"]
[SourceVersion "1"]
[SourceVersionDate "2017.08.23"]
[SourceQuality "1"]

1. e4 c5 2. Nc3 a6 3. Nf3 e6 4. g3 b5 5. Bg2 Bb7 6. d3 Be7 7. 0-0 d6 8. Re1 Nd7 9. Bf4 b4 10. Ne2 Ngf6 11. c3 a5 12. h3 0-0 13. g4 c4 14. Ng3 bxc3 15. dxc4 Nc5 16. Qc2 cxb2 17. Rab1 Ra6 18. Rxb2 Qa8 19. Nd2 Rc8 20. f3 Nfd7 21. Nb3 Na4 22. Rbb1 Bh4 23. Kh2 Rac6 24. Nd2 Nab6 25. Qb2 Ba6 26. Bf1 Qa7 27. Be3 Qc7 28. Rec1 d5 29. f4 dxc4 30. Qc3 Na4 31. Qa3 Ndb6 32. Ne2 Be7 0-1

[Event "Agneaux St Lo op U20 16th"]
[Site "Agneaux"]
[Date "2014.07.13"]
[Round "9"]
[White "Trost, Martin"]
[Black "Gora, Antonina"]
[Result "0-1"]
[WhiteElo "1838"]
[BlackElo "1832"]
[PlyCount "108"]
[EventDate "2014.07.06"]
[EventType "swiss"]
[EventRounds "9"]
[EventCountry "FRA"]
[SourceTitle "EXT 2015"]
[Source "ChessBase"]
[SourceDate "2014.11.20"]
[SourceVersion "1"]
[SourceVersionDate "2014.11.20"]
[SourceQuality "1"]

1. e4 c5 2. Nc3 d6 3. f4 a6 4. a4 Nc6 5. Bc4 e6 6. Nf3 Nf6 7. d3 Be7 8. 0-0 d5 9. Bb3 0-0 10. Qe1 Rb8 11. f5 d4 12. Ne2 exf5 13. exf5 Bxf5 14. Nf4 Bd6 15. Nh4 Bd7 16. Nd5 Nxd5 17. Bxd5 Qc7 18. Nf3 Nb4 19. Bb3 b5 20. axb5 axb5 21. Ng5 c4 22. dxc4 bxc4 23. Qh4 h6 24. Ne4 cxb3 25. Bxh6 Bxh2+ 26. Kh1 f5 27. Bxg7 Be5 28. Bxf8 Rxf8 29. Ng5 Kg7 30. Qh7+ Kf6 31. Qh6+ Ke7 32. Qh7+ Kd6 33. Qg6+ Kc5 34. Ne4+ Kd5 35. Nc3+ dxc3 36. Rfd1+ Bd4 37. Rxd4+ Kxd4 38. bxc3+ Kc4 39. cxb3+ Kxb3 40. Qg7 Qb8 41. Rb1+ Kc2 42. Rxb4 Rh8+ 43. Kg1 Qe8 44. Qg3 Qe2 45. Rf4 Qd1+ 46. Rf1 Rh1+ 47. Kxh1 Qxf1+ 48. Kh2 Qd3 49. Qc7 Be6 50. Qe5 Qe4 51. Qf6 Bd5 52. Qg7 Qh4+ 53. Kg1 Qg4 54. Qxg4 fxg4 0-1

[Event "Agneaux St Lo op U20 16th"]
[Site "Agneaux"]
[Date "2014.07.06"]
[Round "1"]
[White "Trost, Martin"]
[Black "Mathet, Jeremy"]
[Result "1-0"]
[WhiteElo "1838"]
[BlackElo "1522"]
[PlyCount "34"]
[EventDate "2014.07.06"]
[EventType "swiss"]
[EventRounds "9"]
[EventCountry "FRA"]
[SourceTitle "EXT 2015"]
[Source "ChessBase"]
[SourceDate "2014.11.20"]
[SourceVersion "1"]
[SourceVersionDate "2014.11.20"]
[SourceQuality "1"]

1. e4 e6 2. d4 d5 3. exd5 exd5 4. c4 c6 5. Nc3 Nf6 6. Nf3 Be7 7. Bd3 dxc4 8. Bxc4 0-0 9. Be3 Nbd7 10. Qb3 Qb6 11. Qc2 Ng4 12. 0-0 Nxe3 13. fxe3 Nf6 14. Ng5 g6 15. Rad1 h6 16. Qxg6+ Kh8 17. Qxh6+ Kg8 1-0

[Event "Palanga Baltija op-A"]
[Site "Palanga"]
[Date "2014.06.20"]
[Round "7"]
[White "Trost, Martin"]
[Black "Salna, Aleksandras"]
[Result "1-0"]
[WhiteElo "1883"]
[BlackElo "1709"]
[PlyCount "51"]
[EventDate "2014.06.16"]
[EventType "swiss"]
[EventRounds "9"]
[EventCountry "LTU"]
[SourceTitle "CBM 161 Extra"]
[Source "ChessBase"]
[SourceDate "2014.08.29"]
[SourceVersion "1"]
[SourceVersionDate "2014.08.29"]
[SourceQuality "1"]

1. e4 e6 2. d4 d5 3. exd5 exd5 4. c4 Nf6 5. Nc3 c6 6. Nf3 Bg4 7. c5 b6 8. b4 a5 9. Qa4 Ne4 10. Bb2 Nxc3 11. Bxc3 b5 12. Qa3 Qe7+ 13. Be2 Bxf3 14. gxf3 a4 15. 0-0-0 Qg5+ 16. Bd2 Qf6 17. Rhe1 Be7 18. Qe3 Ra7 19. Bd3 Nd7 20. Re2 Nf8 21. Qf4 Ne6 22. Qb8+ Kd7 23. Qxa7+ Nc7 24. Rxe7+ Qxe7 25. Bf4 Rc8 26. Bf5+ 1-0

[Event "Palanga Baltija op-A"]
[Site "Palanga"]
[Date "2014.06.19"]
[Round "6"]
[White "Zuj Zaikovskis, Nikita"]
[Black "Trost, Martin"]
[Result "1/2-1/2"]
[WhiteElo "1759"]
[BlackElo "1883"]
[PlyCount "72"]
[EventDate "2014.06.16"]
[EventType "swiss"]
[EventRounds "9"]
[EventCountry "LTU"]
[SourceTitle "CBM 161 Extra"]
[Source "ChessBase"]
[SourceDate "2014.08.29"]
[SourceVersion "1"]
[SourceVersionDate "2014.08.29"]
[SourceQuality "1"]

1. d4 d5 2. c4 e6 3. Nc3 Be7 4. Qc2 Nf6 5. Bg5 b6 6. cxd5 exd5 7. e3 0-0 8. Bd3 h6 9. Bh4 c5 10. Nge2 Nc6 11. b3 Nb4 12. Qd1 Nxd3+ 13. Qxd3 a5 14. Qc2 Ba6 15. 0-0 cxd4 16. exd4 Rc8 17. Qb2 Re8 18. a3 Ne4 19. Bxe7 Rxe7 20. Rfe1 Rec7 21. Rac1 Qg5 22. Nxe4 Rxc1 23. Rxc1 Rxc1+ 24. Qxc1 Qxc1+ 25. Nxc1 dxe4 26. f4 f5 27. Kf2 Kf7 28. Ke3 Ke6 29. Na2 Bf1 30. g3 a4 31. b4 b5 32. Nc3 Bc4 33. Nd1 g5 34. Nc3 g4 35. Kd2 h5 36. Ke3 Kd6 1/2-1/2